Estadísticas para Geografía por Letra - O

Haz click aquí para intentar la prueba.

Estadísticas generales

  • Esta prueba ha sido intentada 3.108 veces
  • La puntuación promedio es 13 de 19

Estadísticas de respuestas

PistaRespuesta% Correcto
Capital de NoruegaOslo
98%
Capital de CanadáOttawa
98%
La universidad más antigua de InglaterraOxford
96%
Vecino de YemenOmán
95%
Montaña que es el hogar de los dioses griegosOlimpo
89%
Imperio turco que se disolvió después de la Primera Guerra MundialOtomano
88%
Ciudad cerca de Disney WorldOrlando
87%
Estado de EE. UU. en la costa del PacíficoOregon
77%
Isla de la fertilidad en un desiertoOasis
76%
Gran simio de Borneo y SumatraOrangután
76%
Famoso festival de MunichOktoberfest
75%
Su capital es ColumbusOhio
73%
La segunda área metropolitana más grande de JapónOsaka
65%
La provincia más poblada de CanadáOntario
58%
3ra ciudad más grande de UcraniaOdessa
40%
La isla de HonoluluOahu
29%
La ciudad más grande de NebraskaOmaha
26%
Condado al sur de Los AngelesOrange
23%
Aeropuerto principal de ChicagoO'Hare
20%

Distribución de puntuación

Porcentaje por número respondido

Porcentaje de gente con cada puntuación

Historial de tus puntuaciones

No has intentado esta prueba.